Taylor Swift Songs 6 - Statistics

General Stats
  • This quiz has been taken 18 times
  • The average score is 172 of 250
Answer Stats
% Correct
You
100%
you
100%
you,
100%
a
94%
I
94%
love
94%
Lover
94%
of
94%
the
94%
And
88%
cruel
88%
in
88%
me
88%
summer
88%
summer,
88%
that
88%
to
88%
your
88%
be
81%
Cruel Summer
81%
for
81%
I'm
81%
it
81%
night
81%
ever
75%
got
75%
He
75%
it's
75%
It's
75%
It’s
75%
my
75%
What
75%
what
75%
with
75%
With
75%
back
69%
blue,
69%
body
69%
don't
69%
Every
69%
home
69%
just
69%
know
69%
like
69%
No
69%
not
69%
say
69%
shape
69%
So
69%
want
69%
baby
63%
bar
63%
car
63%
coming
63%
dream
63%
drunk
63%
fate
63%
feeling
63%
high
63%
if
63%
I've
63%
keep
63%
more
63%
new,
63%
oh
63%
Said
63%
secrets
63%
We're
63%
always
56%
bought
56%
But
56%
but
56%
cried
56%
devil
56%
Fever
56%
fine,
56%
from
56%
garden
56%
gate
56%
glow
56%
scream
56%
their
56%
you'll
56%
angels
50%
Bad,
50%
bad
50%
dice,
50%
doesn't
50%
eyes
50%
head
50%
heard?
50%
kill
50%
looks
50%
low
50%
makes
50%
ooh,
50%
out
50%
roll
50%
seal
50%
snuck
50%
tell
50%
that’s
50%
thing
50%
through
50%
times
50%
true
50%
trying
50%
up
50%
up,
50%
waiting
50%
wanna
50%
wasn't
50%
we'll
50%
whatever
50%
window
50%
worst
50%
worth
50%
ain't
44%
boy,
44%
breakable
44%
caught
44%
cool,
44%
cut
44%
Devils
44%
‘em
44%
grinning
44%
Hang
44%
heaven
44%
Killing
44%
last
44%
rules
44%
slow,
44%
these
44%
vending
44%
below
38%
bleed,
38%
headlights,
38%
machine
38%
price
38%
quiet
38%
shiny
38%
toy
38%
whoa
38%
dying
31%
knife
31%
screw
31%
summer's
31%
bone
25%
whoa
13%
No matching quizzes found
Score Distribution
Percent of People with Each Score
Percentile by Number Answered
Your Score History
You have not taken this quiz